000 00809nam a2200241 i 4500
001 110632
003 ES-MaACL
005 20250920063054.0
007 t|
008 070206s1917 sp |||| | spa d
080 _a821.134.2(72)-32"18"
100 1 _aNervo, Amado,
_d1870-1919
_985404
245 1 4 _aUna mentira
_b: novela inédita /
_cpor Amado Nervo.
260 _aMadrid :
_bLa Novela Corta,
_c1917.
300 _a[24] p. ;
_c20 cm.
490 1 _aLa Novela Corta ;
_v95
530 _aDisponible en formato digital.
830 0 _aLa Novela Corta ;
_v95
_9182142
852 _aES-MaACL
_j2213-F-46
_cDEPOF
_zRevisado enlace: 29 de Abril de 2025
856 _uhttp://bdh-rd.bne.es/viewer.vm?id=0000201924&page=1
_yBiblioteca Digital Hispánica
942 _2udc
999 _c110632
_d110632